| 000 | 01154nam a2200265 a 4500 | ||
|---|---|---|---|
| 001 | 000029414 | ||
| 005 | 20200930055532.0 | ||
| 008 | 091125t2009 dr ad 001 0 spa d | ||
| 040 |
_aDO-SdBNP _bspa _cBNPHU |
||
| 082 |
_a351.7293 _bR426m, 2009 |
||
| 110 | 1 |
_aRepública Dominicana. _bPresidencia de la República. _bSecretaría de Estado de Administración Pública _956292 |
|
| 245 | 1 | 0 |
_aManual de organización del Estado Dominicano / _cpresentación Ramón Ventura Camejo. |
| 250 | _a9ª ed. | ||
| 260 |
_aSanto Domingo : _bSEAP, _c2009. |
||
| 300 |
_a1162 p. : _bil, gráfcs. ; _c28 cm. |
||
| 500 | _aIncluye organigramas de las instituciones y organizaciones del gobierno. | ||
| 590 | _aInventariado,2018/DG | ||
| 650 | 4 |
_aPoder público _zRepública Dominicana _930814 |
|
| 650 | 4 |
_aPoder ejecutivo _zRepública Dominicana _910451 |
|
| 650 | 4 |
_aInstituciones públicas _zRepública Dominicana _917927 |
|
| 651 | 4 |
_aRepública Dominicana _xAdministración Pública _9657 |
|
| 651 | 4 |
_aRepública Dominicana _xDivisiones Administrativas Y Políticas _917205 |
|
| 700 | 1 |
_aVentura Camejo, Ramón _926937 |
|
| 910 | _aValidado. Control de calidad EMS. | ||
| 999 |
_c28906 _d28906 |
||